Nothing but the truth (Record no. 60152)
[ view plain ]
| 000 -LEADER | |
|---|---|
| fixed length control field | 02237ngm a22005298a 4500 |
| 001 - CONTROL NUMBER | |
| control field | BEDDCO 30328 |
| 005 - DATE AND TIME OF LATEST TRANSACTION | |
| control field | 20241220123034.0 |
| 007 - PHYSICAL DESCRIPTION FIXED FIELD--GENERAL INFORMATION | |
| fixed length control field | vd ugaizu |
| 008 - FIXED-LENGTH DATA ELEMENTS--GENERAL INFORMATION | |
| fixed length control field | 090310s2009 cau107 e vleng d |
| 010 ## - LIBRARY OF CONGRESS CONTROL NUMBER | |
| LC control number | be2009006962 |
| 020 ## - INTERNATIONAL STANDARD BOOK NUMBER | |
| International Standard Book Number | 9781435962668 : DVD |
| Terms of availability | 24.96 |
| 020 ## - INTERNATIONAL STANDARD BOOK NUMBER | |
| International Standard Book Number | 1435962664 : DVD |
| Terms of availability | 24.96 |
| 024 7# - OTHER STANDARD IDENTIFIER | |
| Standard number or code | 00043396303287 |
| Source of number or code | gtin-14 |
| 024 1# - OTHER STANDARD IDENTIFIER | |
| Standard number or code | 043396303287 |
| 028 42 - PUBLISHER NUMBER | |
| Publisher number | 30328 |
| Source | Sony Pictures Home Entertainment |
| 040 ## - CATALOGING SOURCE | |
| Original cataloging agency | NjBwBT |
| Transcribing agency | NjBwBT |
| 050 14 - LIBRARY OF CONGRESS CALL NUMBER | |
| Classification number | PN1997.2 |
| Item number | .N684 2009 |
| 082 04 - DEWEY DECIMAL CLASSIFICATION NUMBER | |
| Classification number | 791.43/72 |
| Edition number | 22 |
| 092 ## - LOCALLY ASSIGNED DEWEY CALL NUMBER (OCLC) | |
| Classification number | 791.437 |
| 100 ## - MAIN ENTRY--PERSONAL NAME | |
| Personal name | Beckinsale, Kate |
| 9 (RLIN) | 60284 |
| 130 0# - MAIN ENTRY--UNIFORM TITLE | |
| Uniform title | Nothing but the truth (Motion picture : 2008) |
| 9 (RLIN) | 6190410 |
| 245 10 - TITLE STATEMENT | |
| Title | Nothing but the truth |
| Medium | [videorecording] / |
| Statement of responsibility, etc | produced by Marc Frydman, Rod Lurie, Bob Yari ; written and directed by Rod Lurie. |
| 250 ## - EDITION STATEMENT | |
| Edition statement | Anamorphic widescreen. |
| 260 ## - PUBLICATION, DISTRIBUTION, ETC. (IMPRINT) | |
| Place of publication, distribution, etc | Culver City, Calif. : |
| Name of publisher, distributor, etc | Sony Pictures Home Entertainment, |
| Date of publication, distribution, etc | 2009. |
| 300 ## - PHYSICAL DESCRIPTION | |
| Extent | 1 videodisc (107 min.) : |
| Other physical details | sd., col. ; |
| Dimensions | 4 3/4 in. |
| 500 ## - GENERAL NOTE | |
| General note | Originally released as a motion picture in 2008. |
| 500 ## - GENERAL NOTE | |
| General note | Features: filmmakers' commentary, deleted scenes, The truth hurts : the making of "Nothing but the truth." |
| 511 1# - PARTICIPANT OR PERFORMER NOTE | |
| Participant or performer note | Kate Beckinsale, Matt Dillon, Angela Bassett, Alan Alda, Vera Farmiga. |
| 520 ## - SUMMARY, ETC. | |
| Summary, etc | When a reporter finds herself in jail for revealing the name of an undercover CIA agent, she struggles to keep her relationships with friends and family intact while refusing to reveal the name of her source. |
| 521 8# - TARGET AUDIENCE NOTE | |
| Target audience note | MPAA rating: R. |
| 538 ## - SYSTEM DETAILS NOTE | |
| System details note | DVD, Dolby digital 5.1. |
| 540 ## - TERMS GOVERNING USE AND REPRODUCTION NOTE | |
| Terms governing use and reproduction | For private home use only. |
| 546 ## - LANGUAGE NOTE | |
| Language note | Closed-captioned. |
| 610 10 - SUBJECT ADDED ENTRY--CORPORATE NAME | |
| Corporate name or jurisdiction name as entry element | United States. |
| Subordinate unit | Central Intelligence Agency |
| Form subdivision | Drama. |
| 9 (RLIN) | 5676918 |
| 650 #0 - SUBJECT ADDED ENTRY--TOPICAL TERM | |
| Topical term or geographic name as entry element | Confidential communications |
| General subdivision | Press |
| Form subdivision | Drama. |
| 9 (RLIN) | 6509801 |
| 650 #0 - SUBJECT ADDED ENTRY--TOPICAL TERM | |
| Topical term or geographic name as entry element | Press and politics |
| Form subdivision | Drama. |
| 9 (RLIN) | 6509802 |
| 655 #0 - INDEX TERM--GENRE/FORM | |
| Genre/form data or focus term | Thrillers (Motion pictures) |
| 9 (RLIN) | 6190413 |
| 655 #0 - INDEX TERM--GENRE/FORM | |
| Genre/form data or focus term | Video recordings for the hearing impaired. |
| 9 (RLIN) | 6190414 |
| 655 #0 - INDEX TERM--GENRE/FORM | |
| Genre/form data or focus term | Fiction films. |
| 9 (RLIN) | 5674705 |
| 655 #0 - INDEX TERM--GENRE/FORM | |
| Genre/form data or focus term | Feature films. |
| 9 (RLIN) | 6190415 |
| 700 1# - ADDED ENTRY--PERSONAL NAME | |
| Personal name | Lurie, Rod, |
| Dates associated with a name | 1962- |
| 9 (RLIN) | 41878 |
| 700 1# - ADDED ENTRY--PERSONAL NAME | |
| Personal name | Beckinsale, Kate. |
| 9 (RLIN) | 60284 |
| 700 1# - ADDED ENTRY--PERSONAL NAME | |
| Personal name | Dillon, Matt. |
| 9 (RLIN) | 21498 |
| 700 1# - ADDED ENTRY--PERSONAL NAME | |
| Personal name | Bassett, Angela. |
| 9 (RLIN) | 61608 |
| 942 ## - ADDED ENTRY ELEMENTS (KOHA) | |
| Koha item type | DVD |
| 998 ## - LOCAL CONTROL INFORMATION (RLIN) | |
| -- | a122978 |
| Withdrawn status | Lost status | Source of classification or shelving scheme | Damaged status | Not for loan | Collection code | Home library | Current library | Shelving location | Date acquired | Source of acquisition | Cost, normal purchase price | Total Checkouts | Total Renewals | Full call number | Barcode | Date last seen | Date checked out | Cost, replacement price | Price effective from | Koha item type |
|---|---|---|---|---|---|---|---|---|---|---|---|---|---|---|---|---|---|---|---|---|
| Dewey Decimal Classification | Movies | Wasatch County Library | Wasatch County Library | Audio Visual Area | 09/10/2012 | Donation | 15.95 | 51 | 9 | DVD Not | 34301001118423 | 02/21/2025 | 02/15/2025 | 15.95 | 03/20/2020 | DVD |
